Winter Olympic Sports - Sudden Death - Statistics

General Stats
  • This quiz has been taken 1,498 times
  • The average score is 11 of 15
Answers on the Grid
Answers color-coded by a green-red scale on the quiz's grid according to % correct below.
Alpine skiing
Bandy
Biathlon
Bobsleigh
Cross-country skiing
Curling
Dogsled racing
Figure skating
Freestyle skiing
Ice climbing
Ice hockey
Luge
Monoskiing
Nordic combined
Ringette
Short track speed skating
Skeleton
Ski jumping
Ski orienteering
Snow volleyball
Snowboarding
Snowkiting
Snowmobiling
Snowshoeing
Speed skating
Speed skiing
Synchronized skating
Winter pentathlon
Wok racing
Yukigassen
 
Answer Stats
Answer % Correct
Alpine skiing
89%
Bobsleigh
80%
Curling
80%
Figure skating
80%
Ice hockey
80%
Snowboarding
74%
Cross-country skiing
73%
Ski jumping
73%
Speed skating
68%
Biathlon
66%
Skeleton
65%
Freestyle skiing
60%
Luge
59%
Short track speed skating
58%
Nordic combined
52%
No matching quizzes found
Score Distribution
Percent of People with Each Score
Percentile by Number Answered
Your Score History
You have not taken this quiz